miasta w województwie podlaskim - Statystyki

Ogólne statystyki
  • Ten quiz został rozwiązany 85 razy
  • Średni wynik to 21 z 40
Statystyki odpowiedzi
ludność miasta % Poprawnych
292,600 białystok
100%
68,525 suwałki
95%
30,153 augustów
89%
60,128 łomża
86%
25,938 bielsk podlaski
78%
19,221 hajnówka
76%
21,900 grajewo
70%
10,145 mońki
70%
14,391 siemiatycze
68%
21,166 zambrów
68%
5,024 sejny
62%
9,081 wysokie mazowieckie
62%
15,689 łapy
59%
18,063 sokółka
59%
12,559 wasilków
54%
9,279 czarna białostocka
51%
9,927 kolno
51%
6,033 choroszcz
46%
8,477 ciechanowiec
46%
1,806 drohiczyn
46%
2,470 krynki
46%
1,968 tykocin
46%
5,632 dąbrowa białostocka
43%
3,107 michałowo
43%
2,782 knyszyn
41%
4,621 supraśl
41%
2,476 zabłudów
41%
1,632 jedwabne
38%
2,310 lipsk
38%
2,196 suchowola
38%
980 suraż
38%
2,209 szepietowo
38%
2,639 czyżew
35%
1,297 kleszczele
35%
2,027 stawiski
35%
1,862 goniądz
32%
1,571 rajgród
32%
3,442 szczuczyn
32%
3,785 brańsk
30%
2,173 nowogród
30%
Nie znaleziono quizów pasujących do podanych kryteriów
Rozkład punktacji
Procent ludzi z każdym wynikiem
Percentyl według liczby udzielonych odpowiedzi
Twoja historia wyników
Nie rozwiązałeś tego quizu